000 00579nam a22002177a 4500
005 20170124110245.0
010 _aA-435952
020 _c30.00
035 _aA-435952
037 _bCen Lib/Ret
040 _aDPL
_bEN
082 _aS
_bGHO
100 _aGhose, S.N.
_997024
245 _aFolk tales and fairy stories from India /
_cby S.N. Ghose
260 _a[s.l]
_bHindi Publications
_c[s.n]
270 _b[s.l]
300 _a138p.
_c20cm(Hb)
650 _aLiterature --Stories
_997025
650 _aFolk tales and fairy stories
_997026
942 _2ddc
_cEN
_hS
_mGHO
999 _c135433
_d135433